00740nam a2200217Ia 4500001000700000003000500007008004100012010001100053040000900064100003200073245012700105260004500232300000900277440000500286502012000291503000500411650003100416650002000447650002100467650003400488Z_1392CHAP220113s1986 xx 000 0 und d a164481 cCHAP aBermúdez Estevez, Jorge W aUso de metabolitos sanguíneos en la determinación del estado nutricional de ovinos /cpor Jorge W. Bermúdez Estevez aCuautitlán Izcalli :bEl autor,c1986 a85 h a aTesis (M.C. en Producción Animal Esp. en Ovinos y Caprinos) -- UNAM. Facultad de Estudios Superiores Cuautitlán a aGanado lanarxNutrición  aGanadoxSangre  aMetabolitos I.t. aSangrexAnalisis y química